000 00508nam a2200157 a 4500
001 000022728
005 20200930021749.0
008 100325s1991 dr 00 0 spa d
040 _aDO-SdBNP
_bspa
_cBNPHU
082 _axxxx
_bxxx
100 1 _aFerreras, Ramón Alberto
_911298
245 1 0 _aVivencias de S.F. Macorís :
_bLa Catedral de Santa Ana San Francisco de Macorís /
_cRamón Alberto Ferreras.
260 _aSanto Domingo :
_bOffset ,
_c1991.
300 _a189 p. :
_bretrs. ;
_c20 cm.
049 _aBNPD
999 _c22225
_d22225